Geography A-Z #8 - Statistics

General Stats
  • This quiz has been taken 3,475 times
  • The average score is 15 of 26
Answer Stats
Hint Answer % Correct
A Pyrenees nation Andorra
91%
V Spanish speaking country Venezuela
91%
U UK's flag; _____ Jack Union
90%
P City destroyed by Mt. Vesuvius Pompeii
85%
S Bering, Cook, eg. Strait
83%
C White sight at Dover Cliff
82%
M Paris subway Métro
80%
B Deepest lake in the world Baikal
72%
F Trevi attraction Fountain
72%
K Russian citadel Kremlin
68%
H Mosquito coast country Honduras
67%
T Hobart's island Tasmania
64%
N Island SE of Saint Kitts Nevis
60%
Z Currency of Poland Złoty
55%
Y Capital of Cameroon Yaoundé
52%
E Its capital was once Gondar Ethiopia
50%
R Official language of Switzerland Romansh
49%
G New Jersey state nickname Garden
42%
W ______ and Futuna Wallis
41%
L Pharos of Alexandria, eg. Lighthouse
36%
J Cimbrian Peninsula Jutland
34%
I Hibernian Irish
30%
D "Gap" in the Pan-American highway Darién
26%
O City on the Rideau canal Ottawa
26%
Q New Zealand resort town Queenstown
25%
X "Hospitable" city in Ohio Xenia
9%
No matching quizzes found
Score Distribution
Percent of People with Each Score
Percentile by Number Answered
Your Score History
You have not taken this quiz